[Event "TCh-RUS HL"]
[Site "Sochi RUS"]
[Date "2007.05.10"]
[Round "8"]
[White "Voitsekhovsky,S"]
[Black "Vitinik,M"]
[Result "1-0"]
[WhiteElo "2503"]
[BlackElo "2363"]

1.e4 e6 2.d4 d5 3.Nc3 Nf6 4.e5 Nfd7 5.f4 c5 6.Nf3 Nc6 7.Be3 Be7 8.Qd2 O-O
9.Be2 a6 10.O-O b5 11.Nd1 b4 12.c3 a5 13.Kh1 Ba6 14.Bxa6 Rxa6 15.Rc1 bxc3
16.Nxc3 c4 17.f5 Nb4 18.Ne1 Nc6 19.Qe2 Bg5 20.Rd1 Bxe3 21.Qxe3 f6 22.fxe6 fxe5
23.Nf3 exd4 24.Nxd4 Rxf1+ 25.Rxf1 Nxd4 26.e7 Qe8 27.Qxd4 Qxe7 28.Nxd5 Qe2
29.Kg1 Re6 30.Qa7 Nf8 31.Qf7+  1-0

[Event "Grand Prix Open"]
[Site "Galatzi ROM"]
[Date "2007.05.11"]
[Round "5"]
[White "Nemeth,F"]
[Black "Tanasa,R"]
[Result "1-0"]
[WhiteElo "2430"]
[BlackElo "2002"]

1.e4 e6 2.d4 d5 3.Nc3 Nf6 4.e5 Nfd7 5.f4 c5 6.Nf3 Nc6 7.Be3 a6 8.Qd2 b5 9.a3 Bb7
10.Be2 Qc7 11.O-O cxd4 12.Nxd4 g5 13.f5 Nxd4 14.Bxd4 O-O-O 15.fxe6 fxe6 16.Bg4 Qc6
17.Qxg5 Bc5 18.Qe3 Rhg8 19.Bh3 Bxd4 20.Qxd4 Rg5 21.Rae1 Rdg8 22.Ne2 Kb8 23.Nf4 Nf8
24.Rf2 Bc8 25.Nd3 Nd7 26.c3 R8g7 27.Ref1 Re7 28.a4 bxa4 29.Qb4+  1-0

[Event "ch-LTU"]
[Site "Siauliai LTU"]
[Date "2007.05.11"]
[Round "9"]
[White "Narmontas,M"]
[Black "Sakalauskas,V"]
[Result "0-1"]
[WhiteElo "2293"]
[BlackElo "2423"]

1.e4 e6 2.d4 d5 3.Nc3 Nf6 4.e5 Nfd7 5.f4 c5 6.dxc5 Nc6 7.a3 Bxc5 8.Qg4 O-O
9.Nf3 Nd4 10.Bd3 f5 11.Qh3 Nxf3+ 12.Qxf3 Bb6 13.Na4 Nxe5 14.fxe5 Qh4+ 15.Qg3 Qxa4
16.Bd2 Bd7 17.Rf1 Bb5 18.Bh6 Rf7 19.Rf4 Qa6 20.O-O-O Rc8 21.Kb1 Bxd3 22.Rxd3 Rc4
23.h3 Bc7 24.Rxc4 Qxc4 25.Rc3 Qb5 26.Bf4 Qe8 27.Qf2 Qb8 28.Qc5 h6 29.h4 Kh7
30.Qe3 Bb6 31.Qg3 Rc7 32.h5 Qe8 33.Rxc7 Bxc7 34.Qh3 Qf7 35.Qh4 Bb6 36.Bd2 Bc5
37.Bc1 Be7 38.Qh3 a6 39.Qf3 Kg8 40.c4 Bg5 41.Bxg5 hxg5 42.cxd5 exd5 43.Qc3 Qd7
44.Qe3 Qe6 45.Qxg5 Qxe5 46.h6 Qf6 47.Qxf6 gxf6 48.Kc2 Kh7 49.Kd3 Kxh6 50.Kd4 Kg5
51.Kxd5 f4 52.Ke6 b5 53.b4 f5 54.Ke5 Kg4 55.Kf6 f3 56.gxf3+ Kxf3 57.Kxf5 Ke3
58.Ke5 Kd3 59.Kd5 Kc3  0-1

[Event "25th Liechtenstein Open"]
[Site "Triesen LIE"]
[Date "2007.05.14"]
[Round "4"]
[White "Fraas,M"]
[Black "Wittwer,Ma"]
[Result "1/2-1/2"]
[WhiteElo "2164"]
[BlackElo "1981"]

1.e4 e6 2.d4 d5 3.Nc3 Nf6 4.e5 Nfd7 5.f4 c5 6.Nf3 Nc6 7.Be3 Qb6 8.a3 c4 9.Rb1 a6
10.g3 Be7 11.Bh3 g5 12.Qd2 h6 13.f5 Nf8 14.O-O Qa5 15.f6 Bd8 16.Qe2 Bb6 17.Qf2 Ba7
18.Ne2 Ng6 19.c3 Qb6 20.Bd2 Qb3  1/2-1/2

[Event "Grand Prix Open"]
[Site "Galatzi ROM"]
[Date "2007.05.15"]
[Round "9"]
[White "Nemeth,F"]
[Black "Gleizerov,E"]
[Result "1/2-1/2"]
[WhiteElo "2430"]
[BlackElo "2570"]

1.e4 e6 2.d4 d5 3.Nc3 Nf6 4.e5 Nfd7 5.f4 c5 6.Nf3 Nc6 7.Be3 Be7 8.Qd2 O-O
9.Be2 a6 10.O-O f6 11.exf6 Nxf6 12.dxc5 Qa5 13.Kh1 Ng4 14.Bg1 Bxc5 15.Nd4 Bxd4
16.Bxd4 Nf6 17.Qe3 Nxd4 18.Qxd4 Bd7 19.Rae1 Rac8 20.Bd3 Rfe8 21.Re5 Qc5 22.Qxc5 Rxc5
23.h3 Rec8 24.Kh2 b5 25.Rfe1  1/2-1/2

[Event "25th Liechtenstein Open"]
[Site "Triesen LIE"]
[Date "2007.05.15"]
[Round "5"]
[White "Hommeles,T"]
[Black "Luther,T"]
[Result "1/2-1/2"]
[WhiteElo "2386"]
[BlackElo "2586"]

1.e4 e6 2.d4 d5 3.Nc3 Nf6 4.e5 Nfd7 5.f4 c5 6.Nf3 Nc6 7.Be3 Be7 8.Qd2 O-O
9.Be2 a6 10.O-O b5 11.Kh1 b4 12.Nd1 a5 13.Nf2 Ba6 14.Rad1 cxd4 15.Nxd4 Nxd4
16.Bxd4 Qc7 17.Ng4 Bxe2 18.Qxe2 Rac8 19.c3 bxc3 20.bxc3  1/2-1/2

[Event "25th Liechtenstein Open"]
[Site "Triesen LIE"]
[Date "2007.05.17"]
[Round "7"]
[White "Frick,R"]
[Black "Kleinhenz,HG"]
[Result "1-0"]
[WhiteElo "2146"]
[BlackElo "2020"]

1.e4 e6 2.d4 d5 3.Nc3 Nf6 4.e5 Nfd7 5.f4 c5 6.Nf3 Nc6 7.Be3 Qb6 8.Na4 Qa5+
9.c3 c4 10.b4 cxb3 11.axb3 Qd8 12.Bd3 b6 13.O-O a5 14.f5 exf5 15.Bxf5 Be7
16.c4 Nb4 17.e6 fxe6 18.Bxe6 Nf6 19.Ng5 Bxe6 20.Nxe6 Qd6 21.Nxg7+  1-0

[Event "Stuttgarter Stadtmeisterschaft"]
[Site "Gerlingen GER"]
[Date "2007.05.18"]
[Round "3"]
[White "Schmittdiel,E"]
[Black "Wolbert,C"]
[Result "1-0"]
[WhiteElo "2413"]
[BlackElo "2170"]

1.e4 e6 2.d4 d5 3.Nc3 Nf6 4.e5 Nfd7 5.Nce2 c5 6.c3 Nc6 7.Nf3 Be7 8.Nf4 cxd4
9.cxd4 Qa5+ 10.Bd2 Bb4 11.Bd3 Bxd2+ 12.Qxd2 Qxd2+ 13.Kxd2 Nb6 14.Rhc1 Bd7
15.b3 Rc8 16.Rc5 Nb4 17.Bf1 Rxc5 18.dxc5 Nc8 19.Nd3 Nxd3 20.Bxd3 Ne7 21.b4 f6
22.b5 Ng6 23.Re1 Nxe5 24.Nxe5 fxe5 25.Rxe5 O-O 26.Ke3 g6 27.f4 a6 28.b6 Kf7
29.h4 Ke7 30.g3 Bb5 31.Bc2 Kf6 32.h5 Rg8 33.hxg6 hxg6 34.Rg5 Be8 35.Kd4 Rh8
36.c6 Bxc6 37.Rxg6+ Kf7 38.f5 exf5 39.Rxc6 bxc6 40.Kc5 Ke6 41.b7 Kd7 42.Kb6 Kd6
43.Bxf5 Rb8 44.g4 c5 45.g5 c4 46.g6 c3 47.g7 Ke5 48.Ka7 Rg8 49.b8=Q+  1-0

[Event "25th Liechtenstein Open"]
[Site "Triesen LIE"]
[Date "2007.05.19"]
[Round "9"]
[White "Kritz,L"]
[Black "Luther,T"]
[Result "1/2-1/2"]
[WhiteElo "2593"]
[BlackElo "2586"]

1.e4 e6 2.d4 d5 3.Nc3 Nf6 4.e5 Nfd7 5.f4 c5 6.Nf3 Nc6 7.Be3 Be7 8.Qd2 O-O
9.dxc5 Bxc5 10.O-O-O Qa5 11.Kb1 Bb4 12.a3 Bxc3 13.Qxc3 Qxc3 14.bxc3 Nb6 15.Bb5 Bd7
16.c4 Nb8 17.Bxb6 Bxb5 18.Bxa7  1/2-1/2

[Event "50th TCh-SRB Cup"]
[Site "Mataruska Banja SRB"]
[Date "2007.05.21"]
[Round "1"]
[White "Strbac,M"]
[Black "Petrovic,Za"]
[Result "1-0"]
[WhiteElo "2311"]
[BlackElo "2150"]

1.e4 e6 2.d4 d5 3.Nc3 Nf6 4.e5 Nfd7 5.f4 c5 6.Nf3 Nc6 7.Be3 cxd4 8.Nxd4 Nxd4
9.Bxd4 Nb8 10.Bd3 Nc6 11.Bf2 Qa5 12.O-O Bc5 13.a3 O-O 14.Qh5 g6 15.Qh6 f5
16.Nb5 Bxf2+ 17.Rxf2 Nd8 18.c4 Nf7 19.Qh4 Bd7 20.b4 Qd8 21.Qxd8 Rfxd8 22.cxd5 Bxb5
23.Bxb5 exd5 24.Rd1 Rac8 25.e6 Nd6 26.e7 Nxb5 27.exd8=Q+ Rxd8 28.Rf3 Rd7
29.Rfd3 Nc7 30.a4 Kf7 31.g3 Ke6 32.Re1+ Kd6 33.Re5 Re7 34.Rde3 Rxe5 35.Rxe5 Na6
36.b5 Nc5 37.a5 a6 38.bxa6 bxa6 39.Re8 Nb7 40.Ra8 Nxa5 41.Rxa6+ Nc6 42.Kf2 Kc5
43.h4 d4 44.Ra8 Ne7 45.Ra7 Kd6 46.Ke2 Ke6 47.Kd3 h6 48.Kc4 Ng8 49.Kxd4 Nf6
50.Rg7 Nh5 51.Rxg6+ Kf7 52.Rxh6 Nxg3 53.Ke5 Kg7 54.Rf6  1-0

[Event "3rd UKR Games Men"]
[Site "Evpatoria UKR"]
[Date "2007.05.22"]
[Round "3"]
[White "Burlai,O"]
[Black "Vypkhanyuk,I"]
[Result "1/2-1/2"]
[WhiteElo "2346"]
[BlackElo "2270"]

1.d4 Nf6 2.Nc3 e6 3.e4 d5 4.e5 Nfd7 5.Nf3 c5 6.dxc5 Bxc5 7.Bd3 Nc6 8.Qe2 a6
9.Bf4 Nf8 10.h4 Ng6 11.Bg3 Nge7 12.Qd2 Bb4 13.a3 Qa5 14.O-O Bxc3 15.bxc3 h6
16.Bf4 Ng6 17.Bh2 Nge7 18.Rfd1 Bd7 19.c4 Qxd2 20.Rxd2 O-O 21.Rb1 Na5 22.cxd5 exd5
23.Nd4 Rac8 24.f4 Nec6 25.Nf5 Bxf5 26.Bxf5 Rcd8 27.Rd3 g6 28.Bg4 h5 29.Bf3 Ne7
30.Bg3 Rd7 31.Be1 Nac6 32.Bf2 Rc8 33.Rc3 d4 34.Rc5 b5 35.g4 hxg4 36.Bxg4 Nf5
37.h5 Nce7 38.Rxc8+ Nxc8 39.hxg6 fxg6 40.Rd1 Nce7 41.c3 d3 42.Bd4 Nd5 43.e6 Re7
44.Bxf5 gxf5 45.Be5 Rxe6 46.Rxd3 Ne7 47.Rd8+ Kf7 48.Rd7  1/2-1/2

[Event "50th TCh-SRB Cup"]
[Site "Mataruska Banja SRB"]
[Date "2007.05.23"]
[Round "3"]
[White "Miladinovic,I"]
[Black "Sedlak,N"]
[Result "1/2-1/2"]
[WhiteElo "2607"]
[BlackElo "2575"]

1.d4 e6 2.e4 d5 3.Nc3 Nf6 4.e5 Nfd7 5.f4 c5 6.Nf3 Nc6 7.Be3 Be7 8.Qd2 O-O
9.Be2 a6 10.O-O b5 11.Rad1 b4 12.Na4 cxd4 13.Nxd4 Nxd4 14.Bxd4 Qa5 15.b3 Nc5
16.Nxc5 Bxc5 17.a4 Qb6 18.Qe3 Bxd4 19.Qxd4 Qxd4+ 20.Rxd4 a5 21.Rf3 Ba6 22.Bd1 Rac8
23.Kf2 Rc5 24.Ke3 f6 25.Rd2 f5 26.Kd4 Rfc8 27.h3 Rc3 28.Rxc3 Rxc3 29.Rf2 Kf7
30.Rf3 Rc8 31.g4 g6 32.gxf5 gxf5 33.Rg3 Rc7 34.h4 Kf8 35.h5 Bf1 36.h6 Ba6
37.Re3 Bf1 38.Rg3 Ba6 39.Rg1 Bb7 40.Bh5 Ba6 41.Bd1 Bb7 42.Be2 Rxc2 43.Bb5  1/2-1/2

[Event "ch-UZB"]
[Site "Tashkent UZB"]
[Date "2007.05.23"]
[Round "13"]
[White "Filippov,An UZB"]
[Black "Kasyan,A"]
[Result "1-0"]
[WhiteElo "2481"]
[BlackElo "2267"]

1.e4 e6 2.d4 d5 3.Nc3 Nf6 4.e5 Nfd7 5.f4 c5 6.Nf3 Nc6 7.Be3 a6 8.Qd2 b5 9.a3 g5
10.dxc5 gxf4 11.Bxf4 Bxc5 12.b4 Bf8 13.Bd3 Qb6 14.Be3 Qc7 15.O-O Ndxe5 16.Rae1 Bd6
17.Kh1 Bb7 18.Bg5 Nxf3 19.Rxf3 Ne5 20.Bxb5+ Bc6 21.Nxd5 exd5 22.Bxc6+ Qxc6
23.Bf6  1-0

[Event "3rd UKR Games Men"]
[Site "Evpatoria UKR"]
[Date "2007.05.25"]
[Round "7"]
[White "Seletsky,G"]
[Black "Vypkhanyuk,I"]
[Result "1-0"]
[WhiteElo "2296"]
[BlackElo "2270"]

1.d4 Nf6 2.Nc3 e6 3.e4 d5 4.e5 Nfd7 5.f4 c5 6.Nf3 Nc6 7.Be3 cxd4 8.Nxd4 Bc5
9.Qd2 Nxd4 10.Bxd4 Bxd4 11.Qxd4 Qb6 12.Nb5 Qxd4 13.Nxd4 Ke7 14.Bb5 Nc5 15.Bd3 Bd7
16.Kd2 Rag8 17.g4 h5 18.g5 g6 19.a4 a5 20.Ra3 Ra8 21.Rha1 Rhc8 22.c3 Be8
23.Ke3 Bd7 24.Bc2 Na6 25.Rb3 Nc5 26.Rb6 Ra6 27.Rxa6 Nxa6 28.Ra3 Ra8 29.Rb3 Nc5
30.Rb6 Ra6 31.Rxa6 Nxa6 32.b3 Kd8 33.Kd2 Kc7 34.Kc1 Kb6 35.Kb2 Kc5 36.Bd3 Kb6
37.Bxa6 Kxa6 38.Ka3 b5 39.axb5+ Bxb5 40.b4 Kb6 41.Nb3 axb4+ 42.Kxb4 Bc4 43.Nd4 Bd3
44.h4 Bc4 45.f5 exf5 46.Nxf5 gxf5 47.e6 d4 48.Kxc4 fxe6 49.g6 f4 50.Kxd4 e5+
51.Ke4  1-0

[Event "8th United Insurance"]
[Site "Dhaka BAN"]
[Date "2007.05.28"]
[Round "2"]
[White "Ahmed,SN"]
[Black "Reefat,S"]
[Result "1/2-1/2"]
[WhiteElo "2324"]
[BlackElo "2479"]

1.e4 e6 2.d4 d5 3.Nc3 Nf6 4.e5 Nfd7 5.f4 c5 6.Nf3 a6 7.Be3 Qb6 8.a3 Nc6 9.dxc5 Bxc5
10.Na4 Qa5+ 11.b4 Qxa4 12.bxc5 Qa5+ 13.Qd2 Qxd2+ 14.Kxd2 f6 15.exf6 gxf6
16.c4 Na5 17.cxd5 Nxc5 18.Bxc5 Nb3+ 19.Kc3 Nxc5 20.Bc4 Na4+ 21.Kd4 Nb6 22.Bb3 Nxd5  1/2-1/2

[Event "National Open"]
[Site "Las Vegas USA"]
[Date "2007.06.09"]
[Round "4"]
[White "Liu,E"]
[Black "Song Yi"]
[Result "0-1"]
[WhiteElo "2260"]
[BlackElo "2210"]

1.e4 e6 2.d4 d5 3.Nc3 Nf6 4.e5 Nfd7 5.f4 c5 6.Nf3 Nc6 7.Be3 a6 8.Qd2 b5 9.Bd3 Qb6
10.Qf2 cxd4 11.Nxd4 Nxd4 12.Bxd4 Bc5 13.Ne2 b4 14.O-O Bxd4 15.Nxd4 O-O 16.Kh1 a5
17.Qh4 h6 18.Ne2 Ba6 19.Ng3 Bxd3 20.cxd3 Qd4 21.Rae1 Qxd3 22.Nh5 Rfc8 23.f5 exf5
24.e6 g5 25.exf7+ Kxf7 26.Qf2 Kg6 27.Re7 Rc2 28.Qe1 Kxh5 29.Rf3 Qd4 30.Rxd7 Qe4
31.Qd1 g4 32.Rg3 Rac8 33.Rg7 Kh4 34.Kg1 Qe2 35.Rh3+ gxh3 36.Qd4+ Kh5 37.g4+ fxg4
38.Qxd5+ Kh4  0-1

[Event "11th Master Open"]
[Site "Voronezh RUS"]
[Date "2007.06.14"]
[Round "3"]
[White "Demianjuk,A"]
[Black "Kiselev,Vi2"]
[Result "1-0"]
[WhiteElo "2316"]
[BlackElo "2495"]

1.e4 e6 2.d4 d5 3.Nc3 Nf6 4.e5 Nfd7 5.f4 c5 6.Nf3 Nc6 7.Be3 Rb8 8.Qd2 Qa5
9.Be2 b5 10.a4 b4 11.Nb5 c4 12.O-O a6 13.Nd6+ Bxd6 14.exd6 O-O 15.Ne5 Nd8
16.b3 c3 17.Qd3 Rb6 18.f5 f6 19.Bh6 Nxe5 20.Qg3 Rb7 21.fxe6 Nxe6 22.dxe5 Kh8
23.Bc1 f5 24.h4 Rbf7 25.Bf4 Bb7 26.Kh1 d4 27.Bc4 Bd5 28.Bxd5 Qxd5 29.Qf3 Qe4
30.Qf2 Re8 31.Rae1 Qd5 32.Qf3 Qc5 33.Bh2 Kg8 34.Qd3 a5 35.Rxf5 Ref8 36.Rxf7 Rxf7
37.Qe4 g6 38.h5 Kg7 39.Rd1 Qc8 40.Qg4 Qd7 41.hxg6 hxg6 42.Bg3 Rf5 43.Qe4 Qf7
44.Kg1 g5 45.d7 Kf8 46.Qxd4 Nd8 47.e6 Qxe6 48.Re1 Qa6 49.Qh8+ Kf7 50.Qh7+  1-0

[Event "11th Master Open"]
[Site "Voronezh RUS"]
[Date "2007.06.15"]
[Round "4"]
[White "Geller,J"]
[Black "Gleizerov,E"]
[Result "1/2-1/2"]
[WhiteElo "2500"]
[BlackElo "2570"]

1.e4 e6 2.d4 d5 3.Nc3 Nf6 4.e5 Nfd7 5.f4 c5 6.Nf3 Qb6 7.Be3 a6 8.a3 Qa7 9.Ne2 Nc6
10.c3 b5 11.dxc5 Bxc5 12.Bxc5 Nxc5 13.Ned4 Bd7 14.Bd3 Na5  1/2-1/2

[Event "Open"]
[Site "Teplice CZE"]
[Date "2007.06.16"]
[Round "1"]
[White "Talla,V"]
[Black "Horyna,J"]
[Result "1/2-1/2"]
[WhiteElo "2432"]
[BlackElo "1893"]

1.e4 e6 2.d4 d5 3.Nc3 Nf6 4.e5 Nfd7 5.f4 c5 6.Nf3 Nc6 7.Be3 cxd4 8.Nxd4 a6
9.Qd2 Qa5 10.Be2 Nxd4 11.Bxd4 Bc5 12.a3 Bxd4 13.Qxd4 Qc5 14.O-O-O Qxd4 15.Rxd4 b6
16.h4 Ra7 17.Rh3 O-O 18.Bg4 f5 19.Bd1 Rc7 20.Ne2 a5 21.Rc3 Rxc3 22.Nxc3 Ba6
23.Bf3 h6 24.h5 Kh7 25.Nd1 g5 26.hxg6+ Kxg6 27.Ne3 h5 28.b4 axb4 29.axb4 Rc8
30.Kb2 Nb8 31.Rd1 Nc6 32.c3 Bb5 33.Rh1 Rh8 34.g4 fxg4 35.Bxg4 d4 36.cxd4 Nxd4
37.Bh3 Rf8 38.Bxe6 Rxf4 39.Bc4 Bxc4 40.Nxc4 Nc6 41.Kc3  1/2-1/2

[Event "11th Master Open"]
[Site "Voronezh RUS"]
[Date "2007.06.16"]
[Round "5"]
[White "Okrugin,S"]
[Black "Kiselev,Vi2"]
[Result "0-1"]
[WhiteElo "2355"]
[BlackElo "2495"]

1.e4 e6 2.d4 d5 3.Nc3 Nf6 4.e5 Nfd7 5.f4 c5 6.Nf3 Nc6 7.Be3 Rb8 8.Qd2 Qa5
9.Ne2 Qxd2+ 10.Kxd2 f6 11.exf6 gxf6 12.c3 b6 13.Ng3 Bd6 14.Rd1 Bb7 15.Kc1 cxd4
16.Nxd4 Nxd4 17.cxd4 f5 18.Nh5 Kf7 19.Rg1 Rhg8 20.h3 Rbc8+ 21.Kb1 Nb8 22.g4 Ba6
23.Bxa6 Nxa6 24.gxf5 exf5 25.Ng3 Ke6 26.Rde1 Rcf8 27.Nh5 Rg6 28.Rg5 Be7 29.Rg3 Kd7
30.Bf2 Nc7 31.Rc3 Bd6 32.Rg1 Ne8 33.Ng3 Bxf4 34.Rf3 Bxg3 35.Rgxg3 Nd6 36.Rg1 Ne4
37.Rd1 f4 38.Be3 Rgf6 39.Bc1 Ng5 40.Ra3 a5 41.b4 axb4 42.Ra7+ Kc6 43.Bd2 R8f7
44.Rc1+ Kb5 45.a4+ bxa3 46.Rxa3 Ne4 47.Be1 f3 48.Bh4 f2  0-1

[Event "11th Master Open"]
[Site "Voronezh RUS"]
[Date "2007.06.16"]
[Round "5"]
[White "Kravtsiv,M"]
[Black "Savosto,P"]
[Result "1-0"]
[WhiteElo "2448"]
[BlackElo "2314"]

1.e4 e6 2.d4 d5 3.Nc3 Nf6 4.e5 Nfd7 5.f4 c5 6.Nf3 Nc6 7.Be3 Qb6 8.Na4 Qa5+
9.c3 cxd4 10.b4 Nxb4 11.cxb4 Bxb4+ 12.Bd2 Bxd2+ 13.Nxd2 O-O 14.Bd3 f6 15.exf6 e5
16.O-O Rxf6 17.fxe5 Nxe5 18.Qh5 Bf5 19.Bxf5 Ng6 20.Nf3 Nf8 21.Bc2 Rh6 22.Qe5 d3
23.Bb3 Rd8 24.Rad1 Re6 25.Qd4 Re2 26.Qxd3  1-0

[Event "III Perla Baltyku A"]
[Site "Mielno POL"]
[Date "2007.06.18"]
[Round "1"]
[White "Bobras,P"]
[Black "Birjukov,S"]
[Result "1-0"]
[WhiteElo "2545"]
[BlackElo "2273"]

1.e4 e6 2.d4 d5 3.Nc3 Nf6 4.e5 Nfd7 5.f4 c5 6.Nf3 a6 7.Be3 Qb6 8.a3 Nc6 9.dxc5 Bxc5
10.Na4 Qa5+ 11.b4 Qxa4 12.bxc5 f6 13.Nd4 Nxd4 14.Bxd4 fxe5 15.fxe5 O-O 16.Bd3 Rf4
17.c3 Qxd1+ 18.Rxd1 Nf8 19.Rb1 Rf7 20.Rf1 Rc7 21.Rb2 Bd7 22.Rbf2 Bb5 23.Rxf8+ Rxf8
24.Bxh7+ Kxh7 25.Rxf8 Re7 26.h4 Re8 27.Rf7 Bc6 28.h5 Kg8 29.Rc7 Rf8 30.Re7 Re8
31.Rc7 Rf8 32.g4 Rf7 33.Rc8+ Rf8 34.Rc7 Rf7 35.Rxf7 Kxf7 36.g5 Be8 37.g6+ Ke7
38.Kf2 Ba4 39.Kg3 Bc2 40.Kh4 Kf8 41.Be3 Bf5 42.Bg5 Ke8 43.Bf6 Kf8 44.Kg5 Kg8
45.Bxg7 Kxg7 46.h6+ Kg8 47.Kf6 Bg4 48.h7+ Kh8 49.Kg5  1-0

[Event "Spring A"]
[Site "Volodarskij RUS"]
[Date "2007.06.28"]
[Round "2"]
[White "Sviridonov,S"]
[Black "Boiko,V"]
[Result "1/2-1/2"]
[WhiteElo "2358"]
[BlackElo "2308"]

1.e4 e6 2.d4 d5 3.Nc3 Nf6 4.e5 Nfd7 5.f4 c5 6.Nf3 Nc6 7.Be3 cxd4 8.Nxd4 Bc5
9.Qd2 Nxd4 10.Bxd4 Bxd4 11.Qxd4 Qb6 12.Qxb6 Nxb6 13.Nb5 Ke7 14.O-O-O Bd7
15.Nd4 Na4 16.Bd3 Nc5 17.Rde1 h5 18.Kd2 Rag8 19.h4 g6 20.g3 Rc8 21.a3 a6
22.c3 Ba4 23.Rc1 Nb3+ 24.Nxb3 Bxb3 25.Ke3 Rc7 26.Rh2 Rhc8 27.Rd2 Bc4 28.Bc2 a5
29.Rcd1 b6  1/2-1/2

[Event "White Nights"]
[Site "St Petersburg RUS"]
[Date "2007.06.29"]
[Round "5"]
[White "Fedoseev,Vl3"]
[Black "Smirnov,Arte"]
[Result "1/2-1/2"]
[WhiteElo "2188"]
[BlackElo "2403"]

1.e4 e6 2.d4 d5 3.Nc3 Nf6 4.e5 Nfd7 5.f4 c5 6.Nf3 Nc6 7.Be3 Be7 8.Qd2 a6
9.O-O-O b5 10.dxc5 Bxc5 11.Bxc5 Nxc5 12.Nd4 Qb6 13.Nxc6 Qxc6 14.Qd4 Bb7 15.g4 O-O-O
16.Bg2 Kb8 17.Kb1 Rc8 18.Rd2 Rc7 19.Rhd1 a5 20.a3 Ba6 21.h3 Rhc8 22.Na2 Na4
23.Bf1 Qb7 24.Bd3 b4 25.axb4 Bxd3 26.Qxd3 axb4 27.Qb3 Nc3+ 28.bxc3 bxc3 29.Nxc3 Rxc3
30.Qxb7+ Kxb7 31.Rh2 Rf3 32.f5 Re3 33.fxe6 fxe6 34.Rf1 Rxe5 35.Rf7+ Rc7 36.Rhf2 Rg5
37.Rf8 Kc6 38.Re8 Kd6 39.Re2 e5 40.Rd2 d4 41.Rd8+ Ke6 42.Re2 Rd7 43.Re8+ Kd5
44.h4 Rxg4 45.R2xe5+ Kc6 46.h5 Rd5 47.R8e6+ Kc5 48.Rxd5+ Kxd5 49.Ra6 h6 50.Kb2 Ke4
51.Kb3 Rg3+ 52.Kb4 d3 53.c4 d2 54.Ra1 Ke3 55.c5 Kf2 56.c6 Rg1 57.Rxg1 Kxg1
58.c7 d1=Q 59.c8=Q Qd4+ 60.Kb3 Kh2 61.Qc2+ Kg3 62.Qg6+ Kh4 63.Kc2 Qc5+ 64.Kb3 Qe3+
65.Ka2 Qf2+ 66.Kb1 Qf1+ 67.Kc2 Qc4+ 68.Kb2 Qb5+ 69.Kc2 Qc5+ 70.Kb3 Qe5 71.Kc2 Qg5
72.Qf7 Qf6 73.Qe8 Qf5+ 74.Kd2 Qxh5 75.Qe1+ Kh3 76.Qh1+ Kg4 77.Qg2+ Kf5 78.Qd5+ Kg6
79.Qg8 Qg5+ 80.Ke2 Qe5+ 81.Kd1 h5 82.Qa8 Qd6+ 83.Ke2 Qe6+ 84.Kf2 Kg5 85.Kg2 g6
86.Qd8+ Qf6 87.Qd2+ Kf5 88.Qc2+ Ke6 89.Qa2+ Ke7 90.Qg8 h4 91.Qh7+ Ke6 92.Qg8+ Kf5
93.Kh3 g5 94.Qh7+ Qg6 95.Qh8 Qe6 96.Qh7+ Kf4+ 97.Kh2 Qe2+ 98.Kg1 Qe1+ 99.Kh2 Qg3+
100.Kh1 Qf3+ 101.Kh2 Qe2+ 102.Kg1 Kg3 103.Qc7+ Kh3 104.Qc3+ Kg4 105.Qc8+ Kf4
106.Qf8+ Kg3 107.Qd6+ Kh3 108.Qa3+ Kg4 109.Qb4+ Kh5 110.Qf8 Qe3+ 111.Kh1 Qe4+
112.Kg1 Qd4+ 113.Kh1 Qd5+ 114.Kg1 Kg4 115.Qc8+ Qf5 116.Qc4+ Qf4 117.Qe2+ Kg3
118.Qd3+ Qf3 119.Qd6+ Kh3 120.Qh2+ Kg4 121.Qd2 Qg3+ 122.Kh1 Qf3+ 123.Kg1 Qf4
124.Qe2+ Kf5 125.Qc2+ Qe4 126.Qc8+ Kf4 127.Qf8+ Kg3 128.Qb8+ Kf3 129.Qf8+ Qf4
130.Qa8+ Kg4 131.Qc8+ Qf5 132.Qc4+ Kh5 133.Qg8 g4 134.Qh8+ Kg5 135.Qg7+ Kf4
136.Qd4+ Kg3 137.Qe3+  1/2-1/2

[Event "ch-BEL Expert"]
[Site "Namur BEL"]
[Date "2007.06.30"]
[Round "1"]
[White "Akhayan,R"]
[Black "Hovhanisian,M"]
[Result "0-1"]
[WhiteElo "2247"]
[BlackElo "2391"]

1.e4 e6 2.d4 d5 3.Nc3 Nf6 4.e5 Nfd7 5.f4 c5 6.Nf3 Nc6 7.Be3 Qb6 8.Na4 Qa5+
9.c3 cxd4 10.b4 Nxb4 11.cxb4 Bxb4+ 12.Bd2 Bxd2+ 13.Nxd2 b5 14.Nb2 Nc5 15.Bd3 Qc3
16.Bxb5+ Bd7 17.Bxd7+ Nxd7 18.Na4 Qe3+ 19.Qe2 Qxf4 20.Rf1 Qxe5 21.Qxe5 Nxe5
22.Nf3 Nxf3+ 23.gxf3 Ke7 24.Kd2 Rhc8 25.Rab1 Rc7 26.Rfc1 Rac8 27.Rxc7+ Rxc7
28.Kd3 g5 29.Rb5 Kd6 30.Ra5 Ke5 31.Nc5 h5 32.Nb3 Rc3+ 33.Ke2 Rc2+ 34.Kd3 Rxh2
35.Rxa7 f5 36.Nxd4 Rh1 37.f4+ gxf4 38.Nf3+ Kf6 39.a4 h4 40.Rh7 h3 41.Rh6+ Kg7
42.Rxe6 h2 43.Nxh2 Rxh2 44.Rd6 Ra2 45.Rxd5 Kf6 46.Rd8 Kg5 47.Rg8+ Kh4 48.Rh8+ Kg4
49.Rg8+ Kf3 50.Ra8 Kg2 51.Rg8+ Kf2 52.Ra8 f3 53.Kc3 Kg3 54.Rg8+ Kf4 55.Kb3 Ra1  0-1

[Event "Asian Youth GU18"]
[Site "Tashkent UZB"]
[Date "2007.06.30"]
[Round "3"]
[White "Kiran,M"]
[Black "Nodirjanova,N"]
[Result "1-0"]
[WhiteElo "2204"]
[BlackElo "2094"]

1.e4 e6 2.d4 d5 3.Nc3 Nf6 4.e5 Nfd7 5.Nce2 c5 6.c3 Nc6 7.f4 Qb6 8.Nf3 cxd4
9.Nexd4 Be7 10.a3 O-O 11.b4 a6 12.Bd3 Qc7 13.O-O Nxd4 14.cxd4 b5 15.Ng5 h6
16.Nf3 Nb6 17.Ra2 Nc4 18.Bb1 a5 19.Qd3 g6 20.f5 exf5 21.Bxh6 Re8 22.Ng5 Qd8
23.Qg3 Bf8 24.Qh4 Be6 25.g4 Ne3 26.Bxf8 Kxf8 27.Nxe6+ fxe6 28.Qh6+ Kf7 29.Qxe3  1-0

[Event "Summer GM"]
[Site "Lugansk UKR"]
[Date "2007.07.01"]
[Round "1"]
[White "Skorchenko,D"]
[Black "Kiselev,Vit2"]
[Result "0-1"]
[WhiteElo "2460"]
[BlackElo "2509"]

1.e4 e6 2.d4 d5 3.Nc3 Nf6 4.e5 Nfd7 5.f4 c5 6.Nf3 Nc6 7.Be3 Rb8 8.Qd2 Qa5
9.dxc5 Bxc5 10.Bxc5 Qxc5 11.Nb5 O-O 12.Nbd4 Nxd4 13.Nxd4 Nb6 14.O-O-O Bd7
15.Kb1 Rfc8 16.h4 Na4 17.h5 Qb6 18.Nb3 Nc5 19.Nxc5 Rxc5 20.Rh3 Rbc8 21.c3 Qc7
22.g4 b5 23.Bd3 a5 24.Re1 b4 25.cxb4 axb4 26.f5 Qa5 27.f6 Ra8 28.b3 Rc3 29.Bf1 Bb5
30.a4 h6 31.fxg7 Kxg7 32.g5 Bxf1 33.gxh6+ Kh7 34.Rxc3 bxc3 35.Qc2+ Kh8 36.Rxf1 Qc7
37.Rg1 Qxe5 38.Rg7 f5 39.Qg2 Rb8 40.Ka2 Qd4 41.Qg6 Qd2+  0-1

[Event "Summer GM"]
[Site "Lugansk UKR"]
[Date "2007.07.02"]
[Round "2"]
[White "Kostromin,M"]
[Black "Skorchenko,D"]
[Result "0-1"]
[WhiteElo "2409"]
[BlackElo "2460"]

1.e4 e6 2.d4 d5 3.Nc3 Nf6 4.e5 Nfd7 5.f4 c5 6.Nf3 a6 7.Be3 Qb6 8.Rb1 Nc6
9.dxc5 Bxc5 10.Bxc5 Nxc5 11.Bd3 Bd7 12.Qd2 Nb4 13.a3 Nbxd3+ 14.cxd3 Bb5 15.Nxb5 Qxb5
16.Rd1 Nb3 17.Qb4 Qxb4+ 18.axb4 Kd7 19.d4 Rhc8 20.Rf1 Rc2 21.Rf2 Rac8 22.Rd3 Rxf2
23.Kxf2 Rc2+ 24.Kg3 Nc1 25.Re3 Rxb2 26.Re1 Nd3  0-1

[Event "ch-BEL Expert"]
[Site "Namur BEL"]
[Date "2007.07.02"]
[Round "3"]
[White "Akhayan,R"]
[Black "Laurent,B"]
[Result "1-0"]
[WhiteElo "2247"]
[BlackElo "2399"]

1.e4 e6 2.d4 d5 3.Nc3 Nf6 4.e5 Nfd7 5.f4 c5 6.Nf3 Nc6 7.Be3 Be7 8.g3 O-O
9.Bg2 b5 10.a3 Qb6 11.O-O a5 12.Ne2 b4 13.axb4 Qxb4 14.c3 Qb6 15.f5 cxd4
16.Nexd4 Ndxe5 17.Nxe5 Nxe5 18.Qh5 exf5 19.Nxf5 Bc5 20.Ne7+ Kh8 21.Qxe5 Bxe3+
22.Kh1 Bh6 23.Nxd5 Qxb2 24.Rab1 Qa3 25.Nb6 Ra7 26.Nxc8 Rxc8 27.Rb8  1-0

[Event "Summer GM"]
[Site "Lugansk UKR"]
[Date "2007.07.03"]
[Round "4"]
[White "Kostromin,M"]
[Black "Kobylkin,E"]
[Result "1-0"]
[WhiteElo "2409"]
[BlackElo "2374"]

1.e4 e6 2.d4 d5 3.Nc3 Nf6 4.e5 Nfd7 5.f4 c5 6.Nf3 Nc6 7.Be3 cxd4 8.Nxd4 Bc5
9.Qd2 a6 10.O-O-O Bxd4 11.Bxd4 b5 12.Kb1 b4 13.Ne2 O-O 14.Qe3 a5 15.Ng3 Ba6
16.Bd3 a4 17.f5 a3 18.Bxa6 Rxa6 19.f6 gxf6 20.exf6 Kh8 21.Rhf1 axb2 22.Bxb2 Qa5
23.Rf4 Qxa2+ 24.Kc1 Rc8 25.Rh4 Nce5 26.Qh6 Rxc2+ 27.Kxc2 Rc6+ 28.Kd2 Qxb2+
29.Ke1 Nd3+ 30.Rxd3 Nxf6 31.Ne2  1-0

[Event "Open A"]
[Site "Kowalewo Pomorskie POL "]
[Date "2007.07.04"]
[Round "1"]
[White "Ejsmont,K"]
[Black "Krasiewicz,R"]
[Result "1-0"]
[WhiteElo "2367"]
[BlackElo "2042"]

1.e4 e6 2.d4 d5 3.Nc3 Nf6 4.e5 Nfd7 5.f4 c5 6.Nf3 Nc6 7.Be3 a6 8.Qd2 b5 9.a3 Qb6
10.Ne2 a5 11.dxc5 Bxc5 12.Ned4 Ba6 13.c3 O-O 14.b4 Bxd4 15.Nxd4 Nxd4 16.Bxd4 Qc7
17.Bd3 axb4 18.axb4 Nb6 19.O-O Nc4 20.Qf2 Bb7 21.Rae1 Bc8 22.Qh4 g6 23.Rf3 Ra2
24.Rh3 f5 25.exf6 e5 26.fxe5 Bxh3 27.Qxh3 Ra6 28.e6 Nd6 29.Bxg6 hxg6 30.f7+ Nxf7
31.exf7+  1-0

[Event "Asian Youth GU16"]
[Site "Tashkent UZB"]
[Date "2007.07.04"]
[Round "6"]
[White "Turdialieva,T"]
[Black "Bhakti,K"]
[Result "0-1"]
[WhiteElo "1934"]
[BlackElo "2112"]

1.e4 e6 2.d4 d5 3.Nc3 Nf6 4.e5 Nfd7 5.f4 c5 6.Nf3 Nc6 7.Be3 a6 8.Qd2 cxd4
9.Nxd4 Bc5 10.O-O-O Nxd4 11.Bxd4 Qc7 12.g4 b5 13.Bh3 Bb7 14.Rhe1 O-O-O 15.Bf1 Kb8
16.Re3 Nb6 17.b3 Rc8 18.Kb1 Rhd8 19.Bxb5 axb5 20.Nxb5 Qc6 21.Qa5 Nd7 22.Bxc5 Qxc5
23.Rc3 Qb6 24.Rxc8+ Rxc8 25.Qxb6 Nxb6 26.Nd6 Rf8 27.a4 Ba6 28.Rd4 Nc8 29.Rb4+ Kc7
30.c4 Nxd6 31.exd6+ Kd7 32.Rb6 Ra8 33.c5 f6 34.Kc2 d4 35.a5 e5 36.fxe5 fxe5
37.b4 e4 38.b5 Bc8 39.a6 Ke6 40.d7+ Kxd7 41.Rd6+ Kc7 42.b6+ Kb8 43.b7 Bxb7
44.axb7 d3+ 45.Kd2 Ra2+ 46.Kc3 Kxb7 47.Rd4 Re2 48.Rd7+ Kc6 49.Rxg7 d2 50.Kc2 e3
51.Rg8 Re1 52.Rd8 Rc1+  0-1